Team nasdas - Statistiques

Statistiques générales
  • Ce quiz a été pris 141 fois
  • Le résultat moyen est 12 sur 16
Statistiques - réponses
Par images Réponse % Correct
Farah
95%
Tounsi
95%
4bdv
94%
Aylan
93%
Cappuccino
93%
Krimo
93%
Leyna
92%
Loriana
90%
Bilel
88%
Moumlame
86%
Lyna
80%
Mansour
77%
Billy dz
45%
Saya
35%
24 carrat
33%
Bizon de la calle
15%
Aucun quiz correspondant
Distribution des résultats
% des personnes avec chaque résultat
Percentile par nombre de réponses
Votre historique - résultats
Vous n’avez pas pris ce quiz